Countries with the Most Speakers of Each Featured Language - Statistics

General Stats
  • This quiz has been taken 67 times
    31 since last reset
  • The average score is 42 of 45
Answer Stats
Language # Speakers Country % Correct
Portuguese 203 mil Brazil
100%
German 3.34 mil Brazil
100%
Italian 4.05 mil Brazil
100%
German 67.3 mil Germany
100%
Polish 983 k Germany
100%
Dutch 102 k Germany
100%
Dutch 15.8 mil Netherlands
100%
Polish 37.9 mil Poland
100%
English 59.3 mil United Kingdom
100%
Polish 724 k United Kingdom
100%
English 244 mil United States
100%
Spanish 44.9 mil United States
100%
Portuguese 1.15 mil United States
100%
Polish 577 k United States
100%
Dutch 184 k United States
100%
Finnish 26 k United States
100%
German 7.12 mil Austria
95%
German 1.2 mil France
95%
French 60.6 mil France
95%
Italian 656 k France
95%
Polish 275 k France
95%
Italian 57.5 mil Italy
95%
Spanish 125 mil Mexico
95%
German 5.38 mil Switzerland
95%
French 1.98 mil Switzerland
95%
Italian 676 k Switzerland
95%
Spanish 45.6 mil Argentina
91%
Italian 1.5 mil Argentina
91%
French 4.21 mil Belgium
91%
Dutch 6.06 mil Belgium
91%
English 20.2 mil Canada
91%
French 7.65 mil Canada
91%
Spanish 52.1 mil Colombia
91%
Portuguese 10.0 mil Portugal
91%
Spanish 42.2 mil Spain
91%
Finnish ≤ 250 k Sweden
91%
Portuguese 23.8 mil Angola
86%
English 18.3 mil Australia
86%
Finnish 4.75 mil Finland
86%
Finnish 8.5 k Russia
86%
Finnish 8 k Norway
82%
Portuguese 5.26 mil Mozambique
77%
Dutch 400 k Suriname
77%
English 20 mil Nigeria
73%
French 12.3 mil D.R. Congo
64%
No matching quizzes found
Score Distribution
Percent of People with Each Score
Percentile by Number Answered
Your Score History
You have not taken this quiz since the last reset